000 00334nam a2200097Ia 4500
008 220120s9999||||xx |||||||||||||| ||und||
100 _aAbraham, Anju, P and others
_912597
245 0 _aScalable face image retrieval using attribute enchanced spar
260 _aCoorg Institute of Technology
_bPonnampet
_c2016
650 _aCOMPUTER SCIENCE
999 _c138195
_d138195